|
|
|
|
| LEADER |
01365nam a22003017a 4500 |
| 001 |
44806 |
| 003 |
BD-DhAAL |
| 005 |
20250916130411.0 |
| 008 |
250916t1997 enk 001 0deng d |
| 020 |
|
|
|a 9780340693254
|q paperback
|
| 020 |
|
|
|a 0340693258
|q paperback
|
| 040 |
|
|
|a BD-DhAAL
|c BD-DhAAL
|
| 082 |
0 |
0 |
|a 133.93
|2 21
|
| 100 |
1 |
|
|a Walsch, Neale Donald.
|9 59349
|
| 245 |
1 |
0 |
|a Conversations with God.
|n Book 1 :
|b an uncommon dialogue /
|c Neale Donald Walsch.
|
| 246 |
1 |
8 |
|a Conversations with God
|
| 246 |
1 |
8 |
|a Conversations with God :
|b an uncommon dialogue
|
| 260 |
|
|
|a London :
|b Hodder & Stoughton,
|c 1997.
|
| 300 |
|
|
|a 211 pages ;
|c 20 cm
|
| 500 |
|
|
|a Includes index.
|
| 541 |
|
|
|a Donated by Farhana Zahir, Assistant Professor, BRAC Business School, BRAC University
|e 44806
|
| 650 |
|
0 |
|a God
|x Miscellanea.
|9 59350
|
| 650 |
|
0 |
|a Spiritual life
|x Miscellanea.
|9 59351
|
| 650 |
|
0 |
|a Private revelations.
|9 59352
|
| 852 |
|
|
|a Ayesha Abed Library
|c General Stacks
|
| 942 |
|
|
|2 ddc
|c BK
|
| 999 |
|
|
|c 47548
|d 47548
|
| 952 |
|
|
|0 0
|1 0
|2 ddc
|4 0
|6 133_930000000000000_WAL
|7 0
|9 78206
|a BRACUL
|b BRACUL
|c NEW
|d 2025-09-16
|e Donated by Farhana Zahir, Assistant Professor, BRAC Business School, BRAC University
|l 4
|m 27
|o 133.93 WAL
|p 3010044806
|q 2026-06-02
|r 2026-02-22
|s 2026-02-22
|t 1
|w 2025-09-16
|y BK
|x Donated by Farhana Zahir, Assistant Professor, BRAC Business School, BRAC University ; £9.99
|